Music Quiz

Random Music or Song Quiz

Smashed Hits: Modern Pop Quiz Stats

 Plays Quiz not verified by Sporcle

Challenge
Share
Tweet
Score 0/40 Timer 10:00
0 Plays Today
Answer % Correct
Adele
95.2%
Taylor Swift
90.5%
Beyonce
90.5%
Katy Perry
88.9%
Single Ladies (Put a Ring on it)
88.9%
Someone Like You
81%
Hello
81%
Blank Space
81%
Rolling in the Deep
79.4%
Roar
77.8%
Ed Sheeran
76.2%
Justin Timberlake
76.2%
Shape of You
74.6%
You Belong With Me
73%
Firework
69.8%
Rihanna
69.8%
California Gurls (ft. Snoop Dogg)
68.3%
Sia
68.3%
Chandelier
66.7%
The Weeknd
65.1%
Answer % Correct
Can't Stop the Feeling
65.1%
Crazy in Love
58.7%
Can't Feel My Face
58.7%
Work (ft. Drake)
57.1%
Starboy (ft. Daft Punk)
55.6%
The A Team
55.6%
Only Girl (In the World)
55.6%
Halo
54%
Lorde
54%
Thinking Out Loud
50.8%
Elastic Heart
50.8%
Royals
47.6%
Shake it Off
46%
I Feel It Coming (ft. Daft Punk)
44.4%
Tennis Court
39.7%
My Love (ft. T.I.)
30.2%
Cheap Thrills (ft. Sean Paul)
27%
Cheers (Drink to That)
14.3%
Yellow Flicker Beat
14.3%
Summer Love
12.7%

You're not logged in!

Compare scores with friends on all Sporcle quizzes.
OR
Log In

You Might Also Like...

Show Comments

Extras

Top Quizzes Today


Score Distribution

Your Account Isn't Verified!

In order to create a playlist on Sporcle, you need to verify the email address you used during registration. Go to your Sporcle Settings to finish the process.

Report this User

Report this user for behavior that violates our Community Guidelines.

Details: